Advances in surgery / (Record no. 31940)
[ view plain ]
| 000 -LEADER | |
|---|---|
| fixed length control field | 00604cam0a220019300 4500 |
| 005 - DATE AND TIME OF LATEST TRANSACTION | |
| control field | 20190814095906.0 |
| 008 - FIXED-LENGTH DATA ELEMENTS--GENERAL INFORMATION | |
| fixed length control field | 040430 |
| 020 ## - INTERNATIONAL STANDARD BOOK NUMBER | |
| International Standard Book Number | 0881678732 |
| 035 ## - SYSTEM CONTROL NUMBER | |
| System control number | (Sirsi) a146851 |
| 050 #0 - LIBRARY OF CONGRESS CALL NUMBER | |
| Classification number | RD9.2 |
| Item number | ADV 1991 |
| 245 10 - TITLE STATEMENT | |
| Title | Advances in surgery / |
| Statement of responsibility, etc. | editors: F. G. Moody, W. Montorsi, M. Montorsi. |
| 260 ## - PUBLICATION, DISTRIBUTION, ETC. | |
| Place of publication, distribution, etc. | New York: |
| Name of publisher, distributor, etc. | Raven Press, |
| Date of publication, distribution, etc. | 1991. |
| 350 ## - PRICE (NR) (BK AM CF MU VM SE) [OBSOLETE] | |
| Price | 100 |
| 504 ## - BIBLIOGRAPHY, ETC. NOTE | |
| Bibliography, etc. note | Includes index |
| 650 #0 - SUBJECT ADDED ENTRY--TOPICAL TERM | |
| Topical term or geographic name entry element | Surgery -- Congresses |
| General subdivision | Surgery -- Congresses |
| Linkage | S21595.1 |
| 700 00 - ADDED ENTRY--PERSONAL NAME | |
| Personal name | Moody, F. G. |
| Linkage | A117496.1 |
| 700 00 - ADDED ENTRY--PERSONAL NAME | |
| Personal name | Montorsi, W. |
| Linkage | A117498.1 |
| 700 00 - ADDED ENTRY--PERSONAL NAME | |
| Personal name | Montorsi, M. |
| Linkage | A117500.1 |
| Withdrawn status | Lost status | Source of classification or shelving scheme | Damaged status | Not for loan | Home library | Current library | Shelving location | Total Checkouts | Full call number | Barcode | Date last seen | Copy number | Price effective from | Koha item type |
|---|---|---|---|---|---|---|---|---|---|---|---|---|---|---|
| Library of Congress Classification | Medical Library | Medical Library | On Shelf | RD9.2 ADV | 33729005809285 | 08/13/2019 | 1 | 08/13/2019 | Book |